Normal view
MARC view
Entry Personal Name
001 - CONTROL NUMBER
- control field: 65384
003 - CONTROL NUMBER IDENTIFIER
- control field:
005 - DATE AND TIME OF LATEST TRANSACTION
- control field: 20250620122300.0
008 - FIXED-LENGTH DATA ELEMENTS
- fixed length control field: 250620|| aca||aabn | a|a d
040 ## - CATALOGING SOURCE
- Original cataloging agency:
- Transcribing agency:
100 ## - HEADING--PERSONAL NAME
- Personal name: AINA-CRAIG, Bunmi
670 ## - SOURCE DATA FOUND
- Source citation: Work cat.: ()32365: AINA-CRAIG, Bunmi aut, Things tumble into place /, 2020
